| 000 | 01563nam0a2200349 i 4500 | ||
|---|---|---|---|
| 001 | RU\NLR\BIBL_A\010449475 | ||
| 005 | 20260405055354.0 | ||
| 010 |
_a9785751612214 _bТекст |
||
| 010 |
_a978-5-9953-0274-2 _bКнижники _92000 |
||
| 021 |
_aRU _b2014-41407 _92522 |
||
| 035 | _a(NILC)RuMoRGB-007505546 | ||
| 035 | _a(NLR Aleph) 010449475 | ||
| 090 |
_a9921421 _c9921421 |
||
| 100 | _a20140807d2014 um y0rusy50 ca | ||
| 101 | 1 |
_arus _cheb |
|
| 102 | _aRU | ||
| 105 | _ay|||z|||000fy | ||
| 200 | 1 |
_aПод знаком Рыб _eрассказы _fШмуэль-Йосеф Агнон _gпер. с иврита Рафаила Нудельмана и Аллы Фурман |
|
| 210 |
_aМосква _cТекст _cКнижники _d2014 |
||
| 215 |
_a348, [3] с. _d17 |
||
| 225 | 1 | _aПроза еврейской жизни | |
| 300 | _aЗагл. и авт. также на иврите | ||
| 327 | 1 | _aСодерж.: Развод доктора; С квартиры на квартиру; Песчаный холм; Целая буханка; Письмо; Документ; К доктору; Под знаком Рыб; Вечный мир; Навсегда | |
| 686 | 1 | _aШ6(5И)07-440.4(Лх2070) | |
| 700 | 1 |
_8rus _7ca _aАгнон _bШ. Й. _f1888-1970 _gШмуэль Йосеф _3RU\NLR\auth\7718906 _91982 |
|
| 702 | 1 |
_aНудельман _bР. И. _f1931- _gРафаил Ильич _4730 |
|
| 801 | 0 |
_aRU _bРГБ _c20140610 _gRCR |
|
| 942 | _cBOOK | ||
| 980 | _aNBR | ||